LEADER 00684naa a2200145 i 4500 001 000000303361 003 CaOOAMICUS 005 20180831172758.0 008 180831n xx u000 u und u 013 $a11142 040 $aSeMil$bita 100 1 $aMartelli, Stefano,$d<1952- >.$0(OLS)http://semarc/name/38223 245 10$aUno, nessuno, centomila? :$bapprocci teoretici e dati empirici in Glossa, copyr. 1991. P. 15-53. 773 0 $aAmbrosio, Gianni $tCaso Europa.$dMilano : Glossa, copyr. 1991.$kDisputatio $z88-7105-012-6$w()38320 996 $6245$aUno, nessuno, centomila? :$bapprocci teoretici e dati empirici in Glossa, copyr. 1991. P. 15-53.$9(OLS)http://semarc/title/379331 LEADER 01351nam a2200301 i 4500 001 000000077531 003 CaOOAMICUS 005 20131007000000.0 008 131007s2003 it u000 u ita u 013 $a48703 020 $a88-399-0794-7 040 $aSeMil$bita 100 1 $aMieth, Dietmar,$d<1940- >.$0(OLS)http://semarc/name/5916 240 14$aDie Diktatur der Gene : Biotechnik zwischen Machbarkeit und Menschenwürde.$0(OLS)http://semarc/title/125927 245 13$aLa dittatura dei geni :$bla biotecnica tra fattibilità e dignità umana /$cDietmar Mieth. 260 $aBrescia :$bQueriniana,$ccopyr. 2003. 300 $a181 p. ;$c20 cm. 490 0 $aGiornale di teologia ;$v294 500 $aContiene : Bibliografia. 650 4$aBioetica - Studi.$0(OLS)http://semarc/subject/5741 650 4$aGenetica.$0(OLS)http://semarc/subject/5933 830 0$aGiornale di teologia ;$v294.$0(OLS)http://semarc/title/419620 850 $aSeMil 852 $aSeMil$W1$xVenegono$y1$m2M III 694$j43683$B43683$CSeMilBibl$Z2$F74226 $81 961 $aSottoscrizione: Queriniana 996 $6020$a88-399-0794-7$9(OLS)http://semarc/number/59287 996 $6245$aLa dittatura dei geni :$bla biotecnica tra fattibilità e dignità umana$9(OLS)http://semarc/title/125926 996 $6260$aBrescia :$bQueriniana$9(OLS)http://semarc/publisher/29615